|
|
|
|
| LEADER |
00996nam a22002652aa4500 |
| 001 |
000958863 |
| 003 |
CZ BrMZK |
| 005 |
20091221120312.0 |
| 007 |
ta |
| 008 |
090730s1964 xo er|||||||||||hun d |
| 040 |
|
|
|a ABA001
|b cze
|d BOA001
|
| 041 |
1 |
|
|a hun
|h fre
|
| 100 |
1 |
|
|a Balzac, Honoré de,
|d 1799-1850
|7 jn19990000418
|4 aut
|
| 245 |
1 |
0 |
|a Pons bácsi :
|b regény /
|c Honoré de Balzac ; a mü eredeti címe fordította Mária Kilényi
|
| 260 |
|
|
|a Bratislava :
|b Szlovákiai Szépirodalmi Könyvkiadó,
|c 1964
|
| 300 |
|
|
|a 2 sv.
|
| 490 |
1 |
|
|a Olcsó Könyvtár ;
|v zv. 11, 12
|
| 505 |
0 |
|
|a köt. 1. 234 s. -- köt. 2. 247 s.
|
| 765 |
0 |
|
|t Cousin Pons
|9 Maďarsky
|
| 830 |
|
0 |
|a Olcsó könyvtár
|
| 910 |
|
|
|a BOA001
|b 1-0516.204
|s 1-2
|
| 990 |
|
|
|a BK
|
| 991 |
|
|
|b 200907
|
| 996 |
7 |
|
|b 2619455481
|c 1-0516.204
|d Köt. 2
|v 2
|l MZK
|r Sklad / do 1 hodiny
|n 0
|w 001091372
|u 000020
|a 1
|e BOA001
|j MZK50
|s A
|
| 996 |
7 |
|
|b 2619455482
|c 1-0516.204
|d Köt. 1
|v 1
|l MZK
|r Sklad / do 1 hodiny
|n 0
|w 001091372
|u 000010
|a 1
|e BOA001
|j MZK50
|s A
|